Appellate Law recorder Vol 1 : January 2001 = අභියාචන නීති වාර් තා 1 වෙනි වෙළුම : ජනවාරි 2001 = மேல்முறையீட்டு சட்ட பதிவு தொகுதி 1 : ஜனவரி 2001 (Record no. 4509)

MARC details
000 -LEADER
fixed length control field 00977nam a2200193 4500
003 - CONTROL NUMBER IDENTIFIER
control field LK-CoMWRAF
005 - DATE AND TIME OF LATEST TRANSACTION
control field 20231217211132.0
008 - FIXED-LENGTH DATA ELEMENTS--GENERAL INFORMATION
fixed length control field 231217b |||||||| |||| 00| 0 eng d
040 ## - CATALOGING SOURCE
Original cataloging agency LK-CoMWRAF
Modifying agency LK-CoMWRAF
Description conventions LK-CoMWRAF
041 ## - LANGUAGE CODE
Language code of text/sound track or separate title English
-- Sinhala; Sinhalese
-- Tamil
082 ## - DEWEY DECIMAL CLASSIFICATION NUMBER
Classification number 347
Item number APP
942 ## - ADDED ENTRY ELEMENTS (KOHA)
Koha item type Books
245 ## - TITLE STATEMENT
Title Appellate Law recorder Vol 1 : January 2001 = අභියාචන නීති වාර් තා 1 වෙනි වෙළුම : ජනවාරි 2001 = மேல்முறையீட்டு சட்ட பதிவு தொகுதி 1 : ஜனவரி 2001
246 ## - VARYING FORM OF TITLE
Title proper/short title Abhiyacana niti sanngarava Weḷuma 1: Janavari 2001 = Mēlmuṟaiyīṭṭuc caṭṭap pativu tokuti 1: Jaṉavari 2001
260 ## - PUBLICATION, DISTRIBUTION, ETC. (IMPRINT)
Place of publication, distribution, etc. Colombo :
Name of publisher, distributor, etc. Centre for policy alternatives,
Date of publication, distribution, etc. 2001
650 ## - SUBJECT ADDED ENTRY--TOPICAL TERM
Topical term or geographic name as entry element Appellate Law record
650 ## - SUBJECT ADDED ENTRY--TOPICAL TERM
Topical term or geographic name as entry element අභියාචන නීති වාර් තා
653 ## - INDEX TERM--UNCONTROLLED
Uncontrolled term மேல்முறையீட்டு சட்ட பதிவு
Holdings
Withdrawn status Lost status Damaged status Not for loan Permanent Location Current Location Date acquired Full call number Barcode Koha item type
        Resource center, Muslim Women's Research And Action Forum Resource center, Muslim Women's Research And Action Forum 2023-12-17 347 APP RAF4897 Books

Copyright © 2023 Muslim Women's Research and Action Forum (MWRAF), No 27/3, Anderson Road, Kalubowila, Dehiwela. Funded by The Asia Fundation